<?xml version="1.0" encoding="UTF-8"?>
<record
    xmlns:xsi="http://www.w3.org/2001/XMLSchema-instance"
    xsi:schemaLocation="http://www.loc.gov/MARC21/slim http://www.loc.gov/standards/marcxml/schema/MARC21slim.xsd"
    xmlns="http://www.loc.gov/MARC21/slim">

  <leader>01382nam a22001577a 4500</leader>
  <datafield tag="999" ind1=" " ind2=" ">
    <subfield code="c">26581</subfield>
    <subfield code="d">26581</subfield>
  </datafield>
  <datafield tag="020" ind1=" " ind2=" ">
    <subfield code="a">9781529342222</subfield>
  </datafield>
  <datafield tag="082" ind1=" " ind2=" ">
    <subfield code="a">614.4</subfield>
    <subfield code="b">OST-D</subfield>
  </datafield>
  <datafield tag="100" ind1=" " ind2=" ">
    <subfield code="a">Osterholam , Michael T.</subfield>
  </datafield>
  <datafield tag="100" ind1=" " ind2=" ">
    <subfield code="a">Olshaker, Mark</subfield>
  </datafield>
  <datafield tag="245" ind1=" " ind2=" ">
    <subfield code="a">Deadliest Enemy </subfield>
    <subfield code="b">:Our War Against Killer Germs </subfield>
  </datafield>
  <datafield tag="260" ind1=" " ind2=" ">
    <subfield code="a">London </subfield>
    <subfield code="b">John Murray </subfield>
    <subfield code="c">2020</subfield>
  </datafield>
  <datafield tag="300" ind1=" " ind2=" ">
    <subfield code="a">xxiii,341p.</subfield>
  </datafield>
  <datafield tag="520" ind1=" " ind2=" ">
    <subfield code="a">A world-leading epidemiologist shares his stories from the front lines of our war on infectious diseases and explains how to prepare for epidemics that can challenge world order. Every new development--from exploding human and animal populations to trade and travel--intensifies our susceptibility to a devastating epidemic. Ironically, a pandemic on the scale of the 1918 flu that killed perhaps a hundred million people would be deadlier today, despite a century of medical advances. As the current Zika epidemic proves, we are wholly unprepared for these diseases. So what can-and must--we do to protect ourselves against mankind's Deadliest Enemy? Separating experience-borne fact from mindless fear, Michael Osterholm and Mark Olshaker detail the plans and resources that must be in place when the unthinkable becomes the inevitable. DEADLIEST ENEMY is high scientific drama, a chronicle of mystery and discovery, a reality check, and a plan of action. </subfield>
  </datafield>
  <datafield tag="650" ind1=" " ind2=" ">
    <subfield code="a">Epidemics</subfield>
    <subfield code="v">Prevention</subfield>
    <subfield code="v">Communicable diseases</subfield>
  </datafield>
  <datafield tag="942" ind1=" " ind2=" ">
    <subfield code="2">ddc</subfield>
    <subfield code="c">BK</subfield>
  </datafield>
  <datafield tag="952" ind1=" " ind2=" ">
    <subfield code="0">0</subfield>
    <subfield code="1">0</subfield>
    <subfield code="4">0</subfield>
    <subfield code="7">0</subfield>
    <subfield code="a">NASSDOC</subfield>
    <subfield code="b">NASSDOC</subfield>
    <subfield code="d">2021-02-18</subfield>
    <subfield code="e">Overseas Press India Private Limited</subfield>
    <subfield code="g">510.27</subfield>
    <subfield code="i">2021-02-19</subfield>
    <subfield code="l">0</subfield>
    <subfield code="o">614.4 OST-D</subfield>
    <subfield code="p">51291</subfield>
    <subfield code="r">2021-02-19 00:00:00</subfield>
    <subfield code="v">699.00</subfield>
    <subfield code="w">2021-02-19</subfield>
    <subfield code="y">BK</subfield>
  </datafield>
</record>
